Personnages films Dragon Ball Z - Statistiques

Statistiques générales
  • Ce quiz a été pris 258 fois
  • Le résultat moyen est 20 sur 32
Statistiques - réponses
Par images Réponse % Correct
Broly
94%
Trunks ado du futur
94%
C-18 du futur
93%
C-17 du futur
92%
Cooler
91%
Golden Freezer
91%
Mr. Satan
89%
Bardock
87%
Super Gogeta
87%
Roi Vegeta
84%
Metal Cooler
81%
Thales
81%
Son Gohan du futur
80%
Tapion
80%
Videl
80%
Janemba
78%
C-13
72%
Son Gohan ado Super Saiyan 2
71%
Tarble
67%
Paragus
65%
Slug
62%
Garlic Jr.
54%
Hildegarn
50%
Sauzer
47%
Chilled
42%
Tagoma
27%
Zangya
25%
Hatchiyack
22%
Dr. Wheelo
6%
Dr. Raichi
5%
Baron Jaguar Butter
3%
Dr. Kori
1%
Aucun quiz correspondant
Distribution des résultats
% des personnes avec chaque résultat
Percentile par nombre de réponses
Votre historique - résultats
Vous n’avez pas pris ce quiz